00293nam a2200073Ia 4500100002600000245010100026260005000127650004200177 aHeenkenda, M.D.K.Y.H. 0aCharacterization of Mihintale Aquifer (Sri Lanka) for Fluoride Fate Determination in Groundwater aInstitiute of Chemistri CeylonbColomboc2019 a"Seminar Reports ,Dissertations,2019"